| 000 | 00575nam a2200205Ia 4500 | ||
|---|---|---|---|
| 003 | OSt | ||
| 005 | 20260427104519.0 | ||
| 008 | 210210b1992 xxu||||| |||| 00| 0 eng d | ||
| 040 | _cAL | ||
| 041 | _aKannada | ||
| 082 | _a398.2K VAMJ | ||
| 100 |
_aVAMANA NANDAVARA. _dವಾಮನ ನಂದಾವರ _9262813 |
||
| 245 |
_aJanapada suttamutta. _bಜಾನಪದ ಸುತ್ತಮುತ್ತ |
||
| 260 |
_aMangaluru. _bPrajabandhu Prakashana., _c1992 |
||
| 300 | _a149 | ||
| 650 |
_aJanapada _9262814 |
||
| 690 |
_aFolklore _9262815 |
||
| 906 | _a046568 | ||
| 942 |
_2ddc _cBK |
||
| 999 |
_c95856 _d95856 |
||